000 01058nam a2200313Ia 4500
005 20220719134247.0
008 210716s1996 xx 000 0 und d
020 _a8170296943
040 _cAIMIT LIBRARY
041 _aeng
082 _a006.32
_22
_bRAOV
100 _aRao, Valluru
_951206
245 _aC++ neural networks and fuzzy logic /
_cBy Valluru Rao and Hayagriva Rao
250 _a2nd ed.
260 _aNew Delhi :
_bBPB Publications ,
_c1996.
300 _axxiv, 551p. ;
_bPB :
_c23 cm.
650 _aNeural Networks
_951207
650 _aC++ and Object Orientation
_951208
650 _aA Look at Fuzzy Logic
_951209
650 _aConstructing a Neural Network
_951210
650 _aA Survey of Neural Network Models
_951211
650 _aLearning and Training
_951212
650 _aBackpropagation
_951213
650 _aBidirectional Associative Memory
_951214
651 _aFuzzy Associative Memory
_951215
651 _aAdaptive Resonance Theory
_951216
700 _aRao, Hayagriva.
_951217
942 _2ddc
_cBK
_e2nd
_k006.32 RAOV
999 _c183120
_d183120